Petit Bac: Les Pokémon de Type Vol - Statistiques

Statistiques générales
  • Ce quiz a été pris 361 fois
  • Le résultat moyen est 16 sur 20
Statistiques - réponses
Lettre Pokémon % Correct
R Rapasdepic / Rayquaza / Rhinolove / Roucarnage / Roucool / Roucoups
98%
A Aéroptéryx / Airmure / Altaria / Amovénus / Apireine / Apitrini / Arkéapti / Artikodin
96%
P Papilord / Papilusion / Passerouge / Piafabec / Picassaut / Piclairon / Pijako / Plumeline / Poichigeon / Ptéra / Prismillon
96%
D Déflaisan / Démanta / Démétéros / Dodrio / Doduo / Dracaufeu / Dracolosse / Drattak
93%
E Efflèche / Electhor / Emolga / Etouraptor / Etourmi / Etourvol
93%
C Cadoizo / Canarticho / Charmillon / Chovsourir / Colombeau / Corboss / Cornèbre / Corvaillus / Cotovol / Couaneton / Coxy / Coxyclaque / Cryptéro
92%
B Babimanta / Bamboiselle / Baudrive / Bazoucan / Bleuseille / Braisillon / Boreas / Brindibou / Brutalibré / Bruyverne
88%
H Héledelle / Ho-Oh / Hoothoot
88%
N Natu / Nigosier / Nirondelle / Ninjask / Noarfang / Nosferalto / Nosferapti / Nostenfer
88%
S Scarabrute / Scorplane / Scorvol / Shaymin / Sonistrelle / Sulfura
88%
L Lakmécygne / Lestombaile / Léviator / Lugia
87%
F Flambusard / Flamenroule / Floravol / Fulguraiglo / Fulguris / Furaiglon
85%
G Goélise / Bekipan / Granivol / Grodrive / Guériaigle
85%
Y Yanma / Yanmega / Yveltal
82%
X Xatu
77%
T Tapatoès / Têtes-de-Fer / Togekiss / Togetic / Tropius / Tylton
71%
V Vaututrice / Vostourno
61%
M Maskadra / Météno / Minisange / Motisma
58%
I Insécateur
46%
Z Zapétrel
38%
Aucun quiz correspondant
Distribution des résultats
% des personnes avec chaque résultat
Percentile par nombre de réponses
Votre historique - résultats
Vous n’avez pas pris ce quiz